School items - Statistics

General Stats
  • This quiz has been taken 62 times
  • The average score is 7 of 11
Answer Stats
Clue Item % Correct
Something to write with which is erasable Pencil
97%
Uses ink to write with Pen
92%
Erases pencil stuff Eraser
87%
Sticking stuff with Glue
68%
Cutting with Scissors
68%
You can make a pencil tip pointier with this Sharpener
68%
Something to write on Notebook
42%
Looks like a pencil and is in many colors colored pencil
39%
Holds papers in them (a) Folder
39%
Also in many colors, but uses ink Marker
37%
This holds the answer to (a) Binder
13%
No matching quizzes found
Score Distribution
Percent of People with Each Score
Percentile by Number Answered
Your Score History
You have not taken this quiz